000 00998nam a2200253Ia 4500
003 OSt
005 20220923221003.0
006 a|||||r|||| 00| 0
007 ta
008 220922b |||||||| |||| 00| 0 hin d
024 _a193,399
037 _cTextual
040 _aARTS
_cARTS
_bhin
041 _2hin
_ahin
082 _aO152,3v, M2
100 _aराजेन्द्र अरूण, संपा.
245 0 _aकहानी की वर्णमाला मई 1982में अमरकंटक आयोजित शिविश् में
246 _aKahānī kī varṇamālā maī 1982mean amarakanṭak āyojit shivish mean
260 _aभोपाल
_b मध्यप्रदेश हिन्दी ग्रंथ
_c1982
300 _a112पृ.
_ccm.
650 _aहिन्दी साहित्य
_9156264
942 _hO152,3v, M2
_cTEXL
_2CC
999 _c345849
_d345849